Sturm und Draug
Elmentve itt :
| Szerző: | |
|---|---|
| Dokumentumtípus: | Cikk |
| Megjelent: |
1883
|
| Sorozat: | Kolligátum
|
| Kulcsszavak: | Richard Wagner, Zene - német - 19. sz. - életmű - életrajz |
| Online Access: | http://misc.bibl.u-szeged.hu/24563 |
| LEADER | 00550nab a2200169 i 4500 | ||
|---|---|---|---|
| 001 | misc24563 | ||
| 005 | 20191111110701.0 | ||
| 008 | 171012s1883 hu o 0|| zxx d | ||
| 040 | |a SZTE Miscellanea Repozitórium |b hun | ||
| 041 | |a zxx | ||
| 100 | 1 | |a Nohl Ludwig | |
| 245 | 1 | 0 | |a Sturm und Draug |h [elektronikus dokumentum] / |c Nohl Ludwig |
| 260 | |c 1883 | ||
| 300 | |a 15-28 | ||
| 490 | 0 | |a Kolligátum | |
| 695 | |a Richard Wagner, Zene - német - 19. sz. - életmű - életrajz | ||
| 856 | 4 | 0 | |u http://misc.bibl.u-szeged.hu/24563/1/011_021_015-028.pdf |z Dokumentum-elérés |